El pensamiento de Echeverría
保存先:
| 第一著者: | |
|---|---|
| フォーマット: | 図書 |
| 言語: | スペイン語 |
| 出版事項: |
Buenos Aires
Sudamericana
1951
|
| シリーズ: | Ensayos Breves
|
| 主題: | |
| タグ: |
タグ追加
タグなし, このレコードへの初めてのタグを付けませんか!
|
MARC
| LEADER | 00000nam a2200000 a 4500 | ||
|---|---|---|---|
| 001 | UCU2444 | ||
| 003 | CL-VaPUC | ||
| 008 | 960426e19510000AG |||||||||||||||||spa|d | ||
| 082 | 0 | 4 | |a Ar864 |b HAL |2 21 |
| 100 | |a Halperín Donghi, Tulio |e author |9 530101 | ||
| 245 | 1 | 3 | |a El pensamiento de Echeverría |
| 300 | |a 161 p | ||
| 942 | |c BK | ||
| 945 | |d 19960426 00:00:00 |a rleighto | ||
| 260 | |a Buenos Aires |b Sudamericana |c 1951 | ||
| 600 | 0 | 7 | |a ECHEVERRIA, ESTEBAN |2 CL-VaPUC |9 356322 |
| 650 | 0 | |a Ensayos argentinos |9 269128 | |
| 650 | 0 | |a Crítica e interpretación |9 255042 | |
| 583 | |a last modification |c 19960426 00:00:00 |k Rodrigo Vera | ||
| 490 | 0 | |a Ensayos Breves | |
| 999 | |c 246738 |d 246736 | ||
| 952 | |0 0 |1 0 |4 0 |6 AR_864_000000000000000_HAL_1951 |7 0 |8 A |9 261930 |a BIBHIS |b BIBHIS |d 2019-11-19 |i 3126668 |o Ar864 HAL 1951 |p 3126668 |r 2025-01-20 |w 2019-11-19 |y BK |k HIS | ||